Current account reversals and currency crises empirical regularities
Salvato in:
| Autore principale: | |
|---|---|
| Altri autori: | |
| Natura: | Libro |
| Lingua: | inglese |
| Pubblicazione: |
Washington
IMF
1998
|
| Serie: | IMF working paper
WP/98/89 |
| Soggetti: | |
| Tags: |
Nessun Tag, puoi essere il primo ad aggiungerne!!
|
MARC
| LEADER | 00000nam a2200000 4500 | ||
|---|---|---|---|
| 001 | c106768 | ||
| 005 | 20250509103934.2 | ||
| 041 | 0 | |a eng | |
| 044 | |a US | ||
| 245 | 1 | 0 | |a Current account reversals and currency crises |b empirical regularities |c Prepared by Gian Maria Milesi-Ferretti and Assaf Razin |
| 264 | 1 | |a Washington |b IMF |c 1998 | |
| 300 | |a 44 s. | ||
| 490 | 1 | |a IMF working paper |v WP/98/89 | |
| 830 | 0 | |a IMF working paper |v WP/98/89 | |
| 610 | 2 | 0 | |a účty bežné |
| 610 | 2 | 0 | |a kríza menová |
| 610 | 2 | 0 | |a rast hospodársky |
| 610 | 2 | 0 | |a kurz devízový |
| 610 | 2 | 0 | |a príjmy obyvateľstva |
| 610 | 2 | 0 | |a krajiny rozvojové |
| 610 | 2 | 0 | |a analýza ekonometrická |
| 610 | 2 | 0 | |a modely |
| 100 | 1 | |a Milesi-Ferretti, Gian Maria | |
| 700 | 1 | |a Razin, Assaf | |